Podnikateľký plán start-upu Vintage & pin-up academy diplomová práca

Saved in:
Bibliographic Details
Main Author: Siekelová, Monika
Corporate Author: Fakulta podnikového manažmentu EU. Katedra manažmentu
Other Authors: Zagoršek, Branislav, 1984-
Format: Book
Language:Slovak
Published: Bratislava 2016
Tags: Add Tag
No Tags, Be the first to tag this record!

MARC

LEADER 00000nbm a2200000 4500
001 0218380
005 20170222141512.5
041 0 |a slo 
044 |a SK 
245 1 0 |a Podnikateľký plán start-upu Vintage & pin-up academy  |b diplomová práca  |c Monika Siekelová ; školiteľ: Branislav Zagoršek 
264 1 |a Bratislava  |c 2016 
300 |a 95 s. 
100 1 |a Siekelová, Monika 
700 1 |a Zagoršek, Branislav, 1984- 
710 2 |a Fakulta podnikového manažmentu EU. Katedra manažmentu